01446cam a22002891a 4500001001300000003000400013005001700017008004100034010001700075035001900092040005200111042001200163050002400175070002200199072000900221100003400230245015000264260004400414300003900458440004900497500002000546501022700566501028300793650003201076650003101108999001701139gs 57000258 DLC20260227111405.0790322s1957 dcuab b f001 0 eng c ags 57000258  a(OCoLC)4768392 aU. S. Geol. Survey Libr.cAzUdDNALdOCoLCdDLC apremarc00aTC801b.U2 no. 14920 a407bG29W no.1492 0aP2001 aVorhis, Robert Corson,d1917.10aBibliography of publications relating to ground water /cprepared by the Geological Survey and cooperating agencies 1946-55, by Robert C. Vorhis. aWashington, D.C. :bU.S. G.P.O.,c1957. aiii, 203 p. :bill., map ;c23 cm. 0aGeological Survey water-supply paper ;v1492 aIncludes index. aCopy 1 with : Compilation of records of surface waters of the United States through September 1950. pt.8. Western Gulf of Mexico Basins. Washington, D.C. : U.S. G.P.O., 1960. Bound together subsequent to publication.5DLC aCopy 2 with : Geologic and ground-water reconnaissance of the Loup River drainage basin, Nebraska, 1959 -- Geology and ground-water resources of the Matanuska Valley agricultural area, Alaska, 1960. Washington, D.C. : U.S. G.P.O. Bound together subsequent to publication.5DLC 0aWater-supplyvBibliography. 0aGroundwatervBibliography. c29181d29181